| 000 | 01021nam a2200265 a 4500 | ||
|---|---|---|---|
| 005 | 20171116151426.0 | ||
| 008 | 140226s1998 ck ||||r|||| 00| 0 spa d | ||
| 040 |
_aCO-BoIAVH _cCO-BoIAVH |
||
| 041 | 0 | _aspa | |
| 044 | _ack | ||
| 082 | 0 | 4 |
_a363.70561071 _bT63l |
| 100 | 1 |
_aTorres Carrasco, Maritza _eautora |
|
| 245 | 1 | 0 |
_aLineamientos generales para una política nacional de educación ambiental : _bDocumento de apoyo / |
| 260 |
_aBogotá (Colombia) : _bMinisterio de Educación Nacional, _c1998. |
||
| 300 |
_a54 páginas ; _c22 x 23 cm. |
||
| 490 | 0 | _aDocumentos de trabajo | |
| 504 | _aIncluye referencias bibliográficas. | ||
| 650 | 2 | 6 |
_aEducación ambiental _xPolíticas _zColombia |
| 650 | 2 | 6 |
_aMedio ambiente _xPolítica educacional _zColombia |
| 650 | 2 | 6 |
_aEducación ambiental _xPolítica financiera _zColombia |
| 662 | _aColombia | ||
| 700 | 1 |
_aCotes Benítez, Miriam _eautora |
|
| 710 | 1 |
_aColombia _bMinisterio de Educación Nacional |
|
| 942 |
_cLIBRO _2ddc |
||
| 999 |
_c1184 _d1184 |
||